<?xml version="1.0" encoding="UTF-8"?>
<record
    xmlns:xsi="http://www.w3.org/2001/XMLSchema-instance"
    xsi:schemaLocation="http://www.loc.gov/MARC21/slim http://www.loc.gov/standards/marcxml/schema/MARC21slim.xsd"
    xmlns="http://www.loc.gov/MARC21/slim">

  <leader>00886cam a22002411  4500</leader>
  <controlfield tag="001">ne 68001987 </controlfield>
  <controlfield tag="003">DLC</controlfield>
  <controlfield tag="005">20260227111842.0</controlfield>
  <controlfield tag="008">710901s1964    ir            00010 engr </controlfield>
  <datafield tag="010" ind1=" " ind2=" ">
    <subfield code="a">ne 68001987 //r965</subfield>
  </datafield>
  <datafield tag="040" ind1=" " ind2=" ">
    <subfield code="a">DLC</subfield>
    <subfield code="c">DLC</subfield>
    <subfield code="d">DLC</subfield>
  </datafield>
  <datafield tag="050" ind1="0" ind2="0">
    <subfield code="a">PE1130.P4</subfield>
    <subfield code="b">N5</subfield>
  </datafield>
  <datafield tag="100" ind1="1" ind2="0">
    <subfield code="a">N&#x12B;kp&#x16B;r&#x12B;, Mu&#x1E25;ammad.</subfield>
  </datafield>
  <datafield tag="245" ind1="1" ind2="0">
    <subfield code="a">Sentence structure in English.</subfield>
    <subfield code="b">Jumlah-s&#x101;z&#x12B; dar zab&#x101;n-i Ingil&#x12B;s&#x12B;</subfield>
    <subfield code="c">[az] Mu&#x1E25;ammad N&#x12B;k&#x2B9;p&#x16B;r&#x12B;, Mahd&#x12B; Am&#x12B;n, Murtaz&#x324;&#xE1; Nabav&#x12B;.</subfield>
  </datafield>
  <datafield tag="250" ind1=" " ind2=" ">
    <subfield code="a">Ch&#x101;p-i 1.</subfield>
  </datafield>
  <datafield tag="260" ind1="0" ind2=" ">
    <subfield code="a">Tabr&#x12B;z,</subfield>
    <subfield code="b">Ch&#x101;pkh&#x101;nah-i Shafqa,</subfield>
    <subfield code="c">[1964 or 5]</subfield>
  </datafield>
  <datafield tag="300" ind1=" " ind2=" ">
    <subfield code="a">8, 291 p.</subfield>
    <subfield code="c">22 cm.</subfield>
  </datafield>
  <datafield tag="650" ind1=" " ind2="0">
    <subfield code="a">English language</subfield>
    <subfield code="x">Textbooks for foreign speakers</subfield>
    <subfield code="x">Persian.</subfield>
  </datafield>
  <datafield tag="650" ind1=" " ind2="0">
    <subfield code="a">English language</subfield>
    <subfield code="x">Sentences</subfield>
    <subfield code="x">Problems, exercises, etc.</subfield>
  </datafield>
  <datafield tag="700" ind1="1" ind2="0">
    <subfield code="a">Am&#x12B;n, Mahd&#x12B;,</subfield>
    <subfield code="e">joint author.</subfield>
  </datafield>
  <datafield tag="700" ind1="1" ind2="0">
    <subfield code="a">Nabav&#x12B;, Murtaz&#x324;&#x101;,</subfield>
    <subfield code="e">joint author.</subfield>
  </datafield>
  <datafield tag="740" ind1="0" ind2="1">
    <subfield code="a">Jumlah-s&#x101;z&#x12B; dar zab&#x101;n-i Ingil&#x12B;s&#x12B;.</subfield>
  </datafield>
  <datafield tag="999" ind1=" " ind2=" ">
    <subfield code="c">50409</subfield>
    <subfield code="d">50409</subfield>
  </datafield>
</record>
